The essential AIDS fact book /

Gardado en:
Detalles Bibliográficos
Autor Principal: Douglas, Paul Harding
Outros autores: Pinsky, Laura
Formato: Libro
Idioma:English
Publicado: New York : Pocket Books, 1996.
Edición:Newly rev. and updated.
Subjects:
LEADER 00972nam a2200277 a 4500
001 c000385858
003 CARM
005 00000000000000.0
008 951106s1996 nyu 00010 eng
010 |a 95050007 
019 1 |a 12050541  |5 LACONCORD2021 
020 |a 0671552872 (pbk.) 
035 |a (OCoLC)33666173  |5 LACONCORD2021 
040 |d NGCL 
050 0 0 |a RC607.A26  |b D678 1996 
082 0 4 |a 616.9792  |2 20 
100 1 |a Douglas, Paul Harding. 
245 1 4 |a The essential AIDS fact book /  |c by Paul Harding Douglas and Laura Pinsky. 
250 |a Newly rev. and updated. 
260 |a New York :  |b Pocket Books,  |c 1996. 
300 |a xvi, 119 p. ;  |c 19 cm. 
650 0 |a AIDS (Disease)  |x Popular works. 
700 1 |a Pinsky, Laura. 
852 8 |b CARM  |h A3:AD26A0  |i A05576  |p 0478009  |f BK 
999 f f |i 6215ca85-59a3-5e2e-b3cc-0cdf24abf83f  |s 7b4a1044-b806-573a-ab23-5385a9ab81e9 
952 f f |p Can circulate  |a CAVAL  |b CAVAL  |c CAVAL  |d CARM 1 Store  |e A05576  |f A3:AD26A0  |h Other scheme  |i book  |m 0478009